CHILD LAW (Record no. 9746)

MARC details
000 -LEADER
fixed length control field 00306nam a22001337a 4500
003 - CONTROL NUMBER IDENTIFIER
control field SGT
082 ## - DEWEY DECIMAL CLASSIFICATION NUMBER
Classification number 346.540135,ARO
100 ## - MAIN ENTRY--PERSONAL NAME
Personal name ARORA,VIBHA
245 ## - TITLE STATEMENT
Title CHILD LAW
260 ## - PUBLICATION, DISTRIBUTION, ETC. (IMPRINT)
Place of publication, distribution, etc NEW DELHI
Name of publisher, distributor, etc UNIVERSAL BOOKS
Year of Publication 2014
300 ## - PAGE DESCRIPTION
No. of Pages 502
650 ## - SUBJECT ADDED ENTRY--TOPICAL TERM
Topical term or geographic name as entry element LABOR, SOCIAL, EDUCATION & CULTURAL LAW
942 ## - ADDED ENTRY ELEMENTS (KOHA)
Source of classification or shelving scheme Dewey Decimal Classification
Koha item type Books
942 ## - ADDED ENTRY ELEMENTS (KOHA)
-- 7
Holdings
Withdrawn status Lost status Source of classification or shelving scheme Damaged status Not for loan Collection code Home library Current library Shelving location Date acquired Vendor Name Cost, normal purchase price SGTU Bill Number Full call number Accession No. (Barcode) Date last seen Bill Date Koha item type Total Checkouts Date last borrowed
    Dewey Decimal Classification   Not For Loan LAW SGT Science & Social Sciences Library SGT Science & Social Sciences Library Reference Book 02/08/2016 JUPITER LAW HOUSE 495.00 SGTU 856 346.540135,ARO FL364 02/08/2016 31/10/2014 Books    
  Lost and Paid For Dewey Decimal Classification     LAW SGT Science & Social Sciences Library SGT Science & Social Sciences Library Text Book 02/08/2016 JUPITER LAW HOUSE 495.00 SGTU 856 346.540135,ARO FL365 08/07/2025 31/10/2014 Books 8 07/06/2025